Niektoré aspekty pracovných a životných podmienok žien v poľnohospodárstve

Bibliographic Details
Main Author: Buchta, Stanislav (Author)
Format: Article
Language:Slovak
PhysicalDescription:Res. angl., rus., lit. 4 zázn. v slov.
Subjects:

MARC

LEADER 00000nab a2200000 a 4500
001 vtls000402934
003 SK-MaSNL
005 20260303160632.0
008 230223c1990 xo 0 slo
015 |a SNBRB19rr/mm-uuuuu 
035 |a CL0403058 
035 |a urn:nbn:sk:snk-ab28nb 
035 |a (urnnbn)urn:nbn:sk:snk:ar-a01ye5 
035 |a (uuid)e51565cd-3f31-48d1-aa82-f5201fbdde42 
040 |a SNKBUCL  |b slo  |c SNKBUCL  |e AACR2 
041 0 |a slo 
044 |a xo  |c SK 
080 |a 301.15-058.244.2-055.2  |2 1981 
100 1 |a Buchta, Stanislav  |4 aut  |9 5864 
245 1 0 |a Niektoré aspekty pracovných a životných podmienok žien v poľnohospodárstve  |c Stanislav Buchta 
300 |b Res. angl., rus., lit. 4 zázn. v slov. 
650 0 7 |a poľnohospodárstvo  |2 snkbucl  |9 679 
650 0 7 |a ženy  |2 snkbucl  |9 4865 
655 7 |a články z novín a časopisov  |2 snkbucl  |9 267496 
773 0 |t Sociológia  |g Roč. 22, č. 6 (1990), s. 651-661 
850 |a Slovenská národná knižnica v Martine  |a MTA001 
852 |a SNK  |b KIS3GCP 
954 |a odborná, vedecká literatúra pôvodná (slovenská)  |2 lita 
958 |a RK 
958 |a OND 
958 |a EUIPO 
958 |a article27 
992 |a RBX 
999 |c 2046786  |d 2048716